Culture Générale par thème #2 - Statistiques

Statistiques générales
  • Ce quiz a été pris 75 fois
  • Le résultat moyen est 15 sur 45
Statistiques - réponses
Thème Question Réponse % Correct
Sport Quel footballeur portugais, aujourd’hui à Al-Nassr, a remporté son premier Ballon d’Or en 2008 ? Cristiano Ronaldo
87%
Culture Générale Par quel sigle désigne-t-on un questionnaire dans lequel sont proposées plusieurs réponses pour chaque question ? QCM
87%
Culture Générale Quelle concrétion globuleuse, brillante et dure, formée de nacre, formée dans les huîtres, est utilisée en joaillerie ? Perle
68%
Sport Quel mot anglais désigne une manche d'un match de tennis ? Set
65%
Religion Quel patriarche biblique, âgé de 950 ans selon la Genèse, est chargé par Dieu de sauver sa famille et des animaux du Déluge en construisant une arche ? Noé
63%
Animaux Quel rongeur domestiqué, originaire d'Amérique du Sud et autrefois élevé pour sa chair dans les pays andins, est aussi connu sous le nom de cobaye ? Cochon d'Inde
60%
Animaux Quel insecte, de couleur noire ou roussâtre, vit en société avec des ouvrières et des reines, et peut projeter de l'acide formique ? Fourmi
60%
Culture Générale Quel jeu de cartes, créé en 1971, comporte 108 cartes réparties en 4 couleurs (vert, bleu, rouge, jaune) et est célèbre pour ses cartes spéciales qui permettent de changer le sens du jeu ou de sauter un joueur ? Uno
57%
Littérature Dans son oeuvre intitulée "La Politique", quel philosophe grec déclare "l'homme est naturellement un animal politique" ? Aristote
53%
Sciences et Techniques Quel instrument de mesure sert à mesurer la pression atmosphérique ? Baromètre
53%
Art Quelle œuvre, créée vers 100 avant notre ère, représente une déesse au buste nu et a été découverte en 1820 sur l'île de Mélos, avant d'être offerte à Louis XVIII ? Vénus de Milo
53%
Télévision Quelle série de sketchs diffusée sur M6 de 2001 à 2004, avec Bruno Solo et Yvan Le Bolloc'h, raconte les anecdotes de la vie au bureau autour d'une machine à café ? Caméra Café
50%
Histoire Quel slogan politique, associé à la résistance antifasciste et popularisé par Dolores Ibárruri pendant la guerre d'Espagne, signifie "Ils ne passeront pas" en espagnol ? ¡No pasarán!
50%
Médecine Quel auxiliaire médical rééduque les troubles de la voix et du langage ? Orthophoniste
50%
Géographie Quelle ville est le chef-lieu du département de la Corrèze ? Tulle
50%
Géographie Dans quel état des Etats-Unis se trouve la ville de Palo Alto ? Californie
43%
Gastronomie Quel agrume, variété d'orange cultivée en Espagne, Italie et Afrique du Nord, est connu sous les noms de 'moro', 'tarocco' et 'double fine', et renferme un pigment rouge ? Orange sanguine
43%
Sport Quel sport, apparu en France en 1978 et expérimenté pour la première fois à Mieussy en Haute-Savoie, consiste à planer sur de grandes distances avec un parachute rectangulaire ouvert ? Parapente
43%
Musique Quel compositeur italien né en 1813 est l’auteur des opéras "Nabucco" et "Aïda" ? Giuseppe Verdi
42%
Mythologie Dans la mythologie grecque, de quelle partie du corps de Zeus, Dionysos est-il né ? Cuisse
38%
Culture Générale Quel terme désigne la possibilité pour un individu de penser, de s’exprimer et d’agir selon ses valeurs, ses croyances, ses besoins et ses désirs, et qui est souvent considéré comme l’opposé de l’enfermement ? Liberté
37%
Géographie Quelle mer, autrefois appelée océan Hyrcanien, est la plus grande mer intérieure du monde ? Mer Caspienne
35%
Jeux vidéo Quel est le nom du roi des Koopas, principal antagoniste de la série Super Mario, souvent représenté avec des écailles jaunes, une carapace verte et une crinière rouge ? Bowser
33%
Gastronomie Quel département français est le premier producteur de foie gras ? Landes
33%
Economie Quel service de l'État, dont le nom vient du latin pour "corbeille d'argent", fut centralisé par l'empereur romain Claude et désigne aujourd'hui l'administration des impôts ? Fisc
30%
Art Quels sont les animaux qui enroulent les bras et les jambes de Laocoon et de ses enfants dans la sculpture "Le groupe du Laocoon" ? Serpents
28%
Musique Dans quelle chanson d'Indochine trouve-t-on les paroles "Et on se prend la main, une fille au masculin, un garçon au féminin" ? Troisième sexe
25%
Littérature Quel personnage de Goethe est un docteur qui accepte de vendre son âme au diable ? Faust
23%
Littérature Dans "Le Cid" de Pierre Corneille, quel est le prénom de la fille de don Gormas, fiancée de Rodrigue ? Chimène
22%
Musique Quel est le prénom de la chanteuse, interprète de "Un monde parfait", qui voit un oiseau, une chèvre, un crocodile, une abeille ? Ilona
20%
Science et Technique Quel métal, de numéro atomique 13, découvert et isolé par Wölhler en 1827, est le plus abondant de l'écorce terrestre, résistant à l'oxydation et produit par électrolyse à partir de la bauxite ? Aluminium
18%
Cinéma Quel est le nom anglais d’une série dérivée, comme la série "Angel" issue de la série "Buffy contre les vampires" ? Spin-off
18%
Littérature Quel petit garçon de la BD Peanuts, créé par Charles Schulz, porte un tee-shirt jaune et joue au base-ball ? Charlie Brown
17%
Droit et Politique Quel texte juridique français, entré en vigueur le 1er mars 1994, remplaça son ancien texte de 1810 et introduit de nombreuses réformes, telles que la responsabilité pénale des personnes morales ? Code pénal
17%
Cinéma Quel film britannique, réalisé par Gurinder Chadha, retrace la vie d'une jeune fille d'origine indienne passionnée de football ? Joue-la comme Beckham
15%
Histoire En 1617, quel fils de Marie de Medicis fait assassiner Concini ? Louis XIII
10%
Botanique Quelle plante de la famille des crucifères, apparue au 18ème siècle en Europe, a l'apparence d'un gros navet à chair jaune et est cultivée pour sa partie renflée au-dessus du sol ? Rutabaga
8%
Botanique Quelle fleur, symbole d'attente et d'abandon, doit son nom à une nymphe aimée de Zéphyr ? Anémone
7%
Droit et Politique Quel homme politique fonda en 1953 l'Union de défense des commerçants et artisans ? Pierre Poujade
7%
Religion Quel est le nom donné au chantre d'une synagogue ? Hazzan
5%
Télévision Quelle émission diffusée sur France 3 entre 2006 et 2016, présentée par Frédéric Taddéï, abordait des sujets de société, de culture et de politique avec des invités de divers horizons ? Ce soir (ou jamais !)
3%
Architecture Quel architecte a reconstruit le palais de Westminster après l'incendie de 1834 ? Charles Barry
3%
Gastronomie Quelle boisson alcoolisée, obtenu par la fermentation de sorgho rouge germé et cuit dans de l'eau, est très répandue en Afrique sahélienne ? Dolo
3%
Art Entre 1575 et 1577, quel peintre, de son vrai nom Paolo Caliari, réalise, au palais des Doges, le Triomphe de Venise pour la salle du Grand Conseil ? Véronèse
3%
Médecine Quel médicament était composé de miel et de vinaigre ? Oxymel
2%
Aucun quiz correspondant
Distribution des résultats
% des personnes avec chaque résultat
Percentile par nombre de réponses
Votre historique - résultats
Vous n’avez pas pris ce quiz